Islamic activism : (Record no. 25482)
[ view plain ]
| 000 -LEADER | |
|---|---|
| fixed length control field | 02100cam a22002895a 4500 |
| 001 - CONTROL NUMBER | |
| control field | 6470225 |
| 005 - DATE AND TIME OF LATEST TRANSACTION | |
| control field | 20171012140056.0 |
| 008 - FIXED-LENGTH DATA ELEMENTS--GENERAL INFORMATION | |
| fixed length control field | 030410t2004 inua frb s001 0 eng d |
| 020 ## - INTERNATIONAL STANDARD BOOK NUMBER | |
| International Standard Book Number | 9780253216212 |
| 040 ## - CATALOGING SOURCE | |
| Original cataloging agency | DLC |
| Transcribing agency | DLC |
| Modifying agency | DLC |
| -- | OrLoB |
| -- | EG-ScBUE |
| Language of cataloging | eng |
| 043 ## - GEOGRAPHIC AREA CODE | |
| Geographic area code | ma----- |
| -- | aw----- |
| 082 04 - DEWEY DECIMAL CLASSIFICATION NUMBER | |
| Edition number | 22 |
| Classification number | 303.48409174927 |
| Item number | ISL |
| 245 00 - TITLE STATEMENT | |
| Title | Islamic activism : |
| Remainder of title | a social movement theory approach / |
| Statement of responsibility, etc | edited by Quintan Wiktorowicz. |
| 260 ## - PUBLICATION, DISTRIBUTION, ETC. (IMPRINT) | |
| Place of publication, distribution, etc | Bloomington : |
| Name of publisher, distributor, etc | Indiana University Press, |
| Date of publication, distribution, etc | c.2004. |
| 300 ## - PHYSICAL DESCRIPTION | |
| Extent | xii, 316 p. : |
| Other physical details | ill. ; |
| Dimensions | 25 cm. |
| 504 ## - BIBLIOGRAPHY, ETC. NOTE | |
| Bibliography, etc | Includes bibliographical references and index. |
| 505 0# - FORMATTED CONTENTS NOTE | |
| Formatted contents note | Islamic activism and social movement theory / Quintan Wiktorowicz -- From marginalization to massacres : a political process explanation of GIA violence in Algeria / Mohammed M. Hafez -- Violence as contention in the Egyptian Islamic movement / Mohammed M. Hafez and Quintan Wiktorowicz -- Repertoires of contention in contemporary Bahrain / Fred H. Lawson -- Hamas as social movement / Glenn E. Robinson -- The networked world of Islamist social movements / Diane Singerman -- Islamist women in Yemen : informal nodes of activism / Janine A. Clark -- Collective action with and without Islam : mobilizing the bazaar in Iran / Benjamin Smith -- The Islah party in Yemen : political opportunities and coalition building in a transitional polity / Jillian Schwedler -- Interests, ideas, and Islamist outreach in Egypt / Carrie Rosefsky Wickham -- Making conversation permissible : Islamism and reform in Saudi Arabia / Gwenn Okruhlik -- Opportunity spaces, identity, and Islamic meaning in Turkey / M. Hakan Yavuz -- Social movement theory and Islamic studies / Charles Kurzman. |
| 650 #7 - SUBJECT ADDED ENTRY--TOPICAL TERM | |
| Topical term or geographic name as entry element | Social movements |
| Geographic subdivision | Arab countries. |
| Source of heading or term | BUEsh |
| 650 #0 - SUBJECT ADDED ENTRY--TOPICAL TERM | |
| Topical term or geographic name as entry element | Social movements |
| Geographic subdivision | Middle East. |
| Source of heading or term | BUEsh |
| 9 (RLIN) | 41450 |
| 650 #7 - SUBJECT ADDED ENTRY--TOPICAL TERM | |
| Topical term or geographic name as entry element | Islam and politics |
| Geographic subdivision | Arab countries. |
| Source of heading or term | BUEsh |
| 9 (RLIN) | 41473 |
| 650 #7 - SUBJECT ADDED ENTRY--TOPICAL TERM | |
| Topical term or geographic name as entry element | Islam and politics |
| Geographic subdivision | Middle East. |
| Source of heading or term | BUEsh |
| 9 (RLIN) | 11983 |
| 651 ## - SUBJECT ADDED ENTRY--GEOGRAPHIC NAME | |
| Source of heading or term | BUEsh |
| 653 ## - INDEX TERM--UNCONTROLLED | |
| Resource For college | BAEPS, Political Science |
| Arrived date list | October2017 |
| 655 ## - INDEX TERM--GENRE/FORM | |
| Form subdivision | Reading book |
| -- | 34232 |
| 700 1# - ADDED ENTRY--PERSONAL NAME | |
| Personal name | Wiktorowicz, Quintan, |
| Dates associated with a name | 1970- |
| Relator term | editor. |
| 942 ## - ADDED ENTRY ELEMENTS (KOHA) | |
| Source of classification or shelving scheme | Dewey Decimal Classification |
| Withdrawn status | Item status | Source of classification or shelving scheme | Damaged status | Not for loan | Vendor | Home library | Current library | Shelving location | Date acquired | Source of acquisition | Cost, normal purchase price | Total Checkouts | Total Renewals | Full call number | Barcode | Date last seen | Date last borrowed | Koha item type |
|---|---|---|---|---|---|---|---|---|---|---|---|---|---|---|---|---|---|---|
| Dewey Decimal Classification | Baccah | Central Library | Central Library | First floor | 12/10/2017 | Purchase | 490.00 | 5 | 82 | 303.48409174927 ISL | 000042130 | 15/07/2025 | 10/04/2023 | Book - Borrowing |